Marketingové plánování : Praktická příručka manažera

Gespeichert in:
Bibliographische Detailangaben
Hauptverfasser: Cooper, John (Verfasst von), Lane, Peter (Verfasst von)
Format: Buch
Sprache:Tschechisch
Veröffentlicht: Praha : Grada Publishing, 1999
Schlagworte:
Tags: Tag hinzufügen
Keine Tags, Fügen Sie das erste Tag hinzu!

MARC

LEADER 00000nam a22000003a 4500
001 stu61533
005 20220526112736.8
008 011024s1999----xr------------------cze-d
020 |a 80-7169-641-2 
040 |a STU  |b slo 
041 0 |a cze 
044 |a xr 
080 |a 658.8 
100 1 |a Cooper, John  |4 aut 
245 1 |a Marketingové plánování :  |b Praktická příručka manažera 
260 |a Praha :  |b Grada Publishing,  |c 1999 
300 |a 230 s 
650 7 |a podnikateľské plány  |2 stusub 
650 7 |a marketing  |2 estusub 
650 7 |a plánovanie  |2 stusub 
700 1 |a Lane, Peter  |4 aut 
996 |b 284EK84129  |c E*84129  |l EE01  |s A  |a 24  |w stu61533_0001 
996 |b 284EK84303  |c E*84303  |l EELSDV  |s P  |a 0  |w stu61533_0002